| 000 -LEADER |
| fixed length control field |
00821nam a22001937a 4500 |
| 005 - DATE AND TIME OF LATEST TRANSACTION |
| control field |
20240313173309.0 |
| 008 - FIXED-LENGTH DATA ELEMENTS--GENERAL INFORMATION |
| fixed length control field |
240313s1976 ru ||||| |||| 00| 0 rus d |
| 041 ## - LANGUAGE CODE |
| Language code of text/sound track or separate title |
rus |
| 080 ## - UNIVERSAL DECIMAL CLASSIFICATION NUMBER |
| Universal Decimal Classification number |
002.2(035) K-78 |
| 245 ## - TITLE STATEMENT |
| Title |
Краткий справочник книголюба / |
| Statement of responsibility, etc. |
Авторы разделов: З.А. Антипина, К.М. Биткова, М.Б. Васильева [и др.]; |
| 264 ## - PRODUCTION, PUBLICATION, DISTRIBUTION, MANUFACTURE, AND COPYRIGHT NOTICE |
| Place of production, publication, distribution, manufacture |
Москва : |
| Name of producer, publisher, distributor, manufacturer |
Книга, |
| Date of production, publication, distribution, manufacture, or copyright notice |
1976. |
| 300 ## - PHYSICAL DESCRIPTION |
| Extent |
192 с. : |
| Other physical details |
рис. ; |
| Dimensions |
22 см. |
| 653 ## - INDEX TERM--UNCONTROLLED |
| keyword |
წიგნმცოდნეობა |
| 653 ## - INDEX TERM--UNCONTROLLED |
| keyword |
ცნობარები |
| 700 ## - ADDED ENTRY--PERSONAL NAME |
| Personal name |
Антипина, З.А. |
| Titles and other words associated with a name |
ავტორი |
| 9 (RLIN) |
21424 |
| 700 ## - ADDED ENTRY--PERSONAL NAME |
| Personal name |
Биткова, К.М. |
| Relator term |
ავტორი |
| 9 (RLIN) |
21425 |
| 700 ## - ADDED ENTRY--PERSONAL NAME |
| Personal name |
Васильева, М.Б. и др. |
| Relator term |
ავტორი. |
| 9 (RLIN) |
21426 |
| 942 ## - ADDED ENTRY ELEMENTS (KOHA) |
| Source of classification or shelving scheme |
|
| Koha item type |
წიგნი |